000 00482nam a2200181Ia 4500
005 20250326130410.0
008 250326s9999 xx 000 0 und d
037 _aTextbook
040 _aFMSL
_beng
_cFMSL
041 _aeng
_2eng
084 _aX:51y7 L3
_qFMSL
100 _aHoward J A
_9736828
245 0 _aMarketing management
_cHoward J A
260 _aNY
_bNY, Richard D Irwin
_c1973
300 _a560p
942 _cTB
_hX:51y7 L3
999 _c1282316
_d1282316